01599nam a2200433 i 450000100060000000300080000600500170001400600190003100700150005000800410006502000180010602000270012403500230015103500240017403500250019803500210022304000310024405000240027508000100029908200160030910000370032524500940036226400410045630000410049733600310053833700330056933800430060250400430064558801280068859001590081665000210097565000200099665000130101665000110102965500270104079700190106785600620108699900170114836938FlNmELB20241216221447.0m o d | cr cnu||||||||161213s2015 ag ob 000 0 spa d z9789870000000 a9781512932249 (e book) a(MiAaPQ)EBC4676047 a(Au-PeEL)EBL4676047 a(CaPaEBR)ebr11259598 a(OCoLC)984796205 aFINmELBbspaerdacFINmELB 4aLB3013.3bE821 2015 a37.060 a371.7822231 aEstrada Gómez, Miguel Ángel.10aAcoso escolar :bmodelos agresivos originan acosadores /cMiguel Ángel Estrada Gómez. 1aBuenos Aires :bSB Editorial,c2015. a1 recurso en línea (118 páginas) atextobtxt2rdacontent/spa acomputadorabc2rdamedia/spa arecurso en líneabcr2rdacarrier/spa aContiene referencias bibliográficas. aDescripción basada en recurso en línea; Título de la página del título en PDF (e-libro, visto December 13, 2016). aRecurso electronico. Santa Fe, Arg. : e-libro, 2016. Disponible via World Wide Web. El acceso puede ser limitado para las bibliotecas afiliadas a e-libro. 0aSchool violence. 0aAggressiveness. 4aEscuela. 4aAcoso. 4aLibros electrónicos.2 ae-libro, Corp.40uhttps://elibro.net/ereader/politecnicointernacional/77101 c36938d36938